000 02462cam a22004814i 4500
003 PE-LiUPU
005 20250731173339.0
008 150706s2000 sp a rb 000 0 spa d
020 _a8489693722
035 _a(Sirsi) i9788489693722
040 _aPE-LiUPU
_bspa
_cPE-LiUPU
_erda
049 _aPRUA
082 0 4 _a291
_bC49
_221
100 1 _aCid Priego, Carlos,
_d1920-1998,
_eautor.
245 1 0 _aHistoria de las religiones /
_cCarlos Cid- Manuel Riu.
264 1 _aBarcelona :
_bÓptima,
_c2000.
300 _a543 páginas :
_bilustraciones ;
_c29 centímetros
336 _atext
_2rdacontent
337 _aunmediated
_2rdamedia
338 _avolume
_2rdacarrier
504 _aIncluye notas bibliográficas al final de cada capítulo.
505 0 _aLa ideas religiosas de los pueblos prehistóricos -- .Las ideas religiosas de los pueblos prehistóricos -- La religión de los pueblos primitivos -- Las religiones de la América precolombina -- Las religiones de la India -- Las religiones de la China -- La religión de Japón -- La religión egipcia -- La religiones de los pueblos su mero-acadios, asirio-babilónico, hititas y sus derivadas -- Las religiones del tronco cananeo -- La religión moderna -- La religión de los pueblos griegos -- Las religiones del grupo itálico -- Las religiosas de los pueblos célticos -- Religión germano-escandinava -- Creencias míticas y religiosas de los pueblos eslavos, lituanos y ugro-fineses -- La religión de Israel -- La religión islámica -- El cristianismo hasta Cisma de oriente -- Desde el cisma a la reforma -- Desde la reforma hasta nuestros días.
526 _aSEG42
526 _aSEG41
526 _aSEG40
526 _aSEG39
526 _aP94
526 _aP87
526 _aP86
526 _aP85
526 _aP77
526 _aP76
526 _aP35
541 _g007-0809756;
650 0 4 _aReligiones
_xHistoria.
700 1 _aRíu, Manuel,
_eautor.
910 _agl
_bjv
_cng
_d20090909
942 _2ddc
_cBOOK
949 _a291 C49
_wDEWEY
_c1
_i60267
_lCCODEBUL1
_mBUL
_p46.00
_r0
_sY
_tBOOK
_u2015-7-6
_xTEOLOGIA
_zUNKNOWN
_0COMPRA
_o.STAFF. Colección General
994 _aC0
_bPEPRU
596 _a1
999 _a291 C49
_wDEWEY
_c49725
_i60267
_d49725
_e2018-11-4
_f2021-11-11
_g5
_lCCODEBUL1
_mBUL
_n7
_p46.00
_q15
_r0
_sY
_tBOOK
_u2015-7-6
_xTEOLOGIA
_PP35
_0COMPRA
_o.STAFF. Colección Teología
980 _81
_gALBERTO SANCHEZ Responsable de Automatización